000 00592nam a22001937a 4500
999 _c264368
_d264367
003 OSt
005 20240820115022.0
008 240820b xxu||||| |||| 00| 0 eng d
020 _a9780073519500 (hard copy : alk. paper)
020 _a0073519502 (hard copy : alk. paper)
040 _cN/A
050 _aQA154.3
_bB368
100 _aRaymond A. Barnett ... [et al.].
245 _aCollege algebra with trigonometry
_cBarnett, Raymond A.
250 _aNinth edition
260 _aNewYork
_b: McGraw-Hill,
_c2011
300 _b1 v. (various pagings) : col. ill. ; 29 cm.
942 _2lcc
_cBK